01047nam a2200217 4500003000900000020001800009040002800027100003400055245015500089260003600244300004500280500004300325500005400368520018000422534002700602650003700629650004800666650004700714700004100761700002700802CO-ViMGA a9789583043987 aCO-ViMGAbspacCO-ViMGA1 aLaurent, Françoise, d1956-10aFrancisco se enfurece /ctextos François Laurent ; edición y traducción del francés Diana López de Mesa O. ; ilustraciones Pascal Vilcollet  aBogota :b Panamericana, c2014 a31 p. :bilustraciones en color ; 24 cm. aIncluye datos biográficos del autor  aRecomendado para niños de 5 años en adelante  aFran es todo dulzura, todo gentileza, eso, solo si Nenúfar es quien lo llama así. Cuando sus amigos lo molestan, Fran ya no es más Fran, ¡¡es Frankenstein el terrible! tLa colère dÁlbert 14a Libros ilustrados para niños 14aCuentos infantiles marroquíesy Siglo xx 14aLiteratura infantil marroquíy Siglo xx 1 aLópez de Mesa O., Diana,eed.etr.1 aVicollet, Pascal,eil.